The high salt requirement of the moderate halophile chromohalobacter salexigens DSM3043 can be met not only by NaCl but by other ions /

Spremljeno u:
Bibliografski detalji
Glavni autor: O'Connor, Kathleen.
Daljnji autori: Csonka, Laszlo N.
Format: Članak
Jezik:English
Teme:
Oznake: Dodaj oznaku
Bez oznaka, Budi prvi tko označuje ovaj zapis!
Thư viện lưu trữ: Thư viện Trường Đại học Đà Lạt
LEADER 00929nam a2200289 4500
001 DLU090092826
005 ##20091201
040 # # |a DLU  |b eng 
041 # # |a eng 
044 # # |a us 
100 # # |a O'Connor, Kathleen.  
245 # # |a The high salt requirement of the moderate halophile chromohalobacter salexigens DSM3043 can be met not only by NaCl but by other ions /  |c Kathleen O'Connor, Laszlo N. Csonka. 
653 # # |a Bacteria 
653 # # |a Halophily 
653 # # |a Salinity 
653 # # |a Sodium chloride 
700 # # |a Csonka, Laszlo N. 
773 # # |t Applied and Environmental Microbiology  |g Vol. 69, no. 10 (October 2003), p. 6334-6336 
920 # # |a Phòng Tạp chí -- Trung tâm Thông tin - Thư viện Trường Đại học Đà Lạt 
994 # # |a DLU 
900 # # |a True 
911 # # |a Trương Bảo Trâm Anh 
925 # # |a G 
926 # # |a A 
927 # # |a BB 
980 # # |a Thư viện Trường Đại học Đà Lạt